00559nam a2200193Ii 45000010005000000030009000050080041000140200015000550400033000700410008001030820016001111000027001272450024001542640094001783000012002723360026002843370028003103380027003387256CO-ViMGA241108s9999||||xx |||||||||||||| ||und|| a9586430197 aCO-ViMGAbspaerdacCO-ViMGA0 aunk04a923.5-L691s1 aAlvaro Lozano Esquivel10aSantander 1792-1840 1a[Lugar de publicación no identificado] : Fundación Francisco de Paula Santander, 1988 avolumen atextbtxt2rdacontent aunmediatedbn2rdamedia avolumebnc2rdacarrier